000 00512nam a2200181Ia 4500
001 16292
005 20260306170258.0
008 260306t2013||||xx |||||||||||||| ||und||
041 _aESP
082 _a347.6
_bG86
100 _aGuerra, Luiz
_eAUT
245 0 _aCrisis financiera global:
_bcrisis económica internacional, crisis de las economías y empresas, legislación y casuistica
260 _c2013
300 _a308 páginas :
_c24 cm.
650 _aGEN
654 _aCDE
942 _cLIB
_dJUS
_fJUS
_2ddc
_n
999 _c16292
_d16292